000 01031nas a2200325 4500
001 BR0501114
003 BR-BrBNA
005 20231205105211.0
007 ta
008 230509b bl.|||p| |||| 00| 00por d
040 _aBR-BrBNA
_bpor
_cBiblioteca Nacional de Agricultura
041 _a(Pt)
072 _aF62; F04
100 1 _aFerreira, M.M.
100 1 _aMotta, M.B.
100 1 _aPinto, J.E.B.P.
100 1 _aCastro, E.M.
245 1 _aCrescimento e alocação de biomassa de plantas de vinca (Catharanthus roseus (L.)G. Don)em função da adubação orgânica e época de colheita
650 _aPLANTA MEDICINAL
650 _aPRÁTICA CULTURAL
650 _aADUBO ORGÂNICO
650 _aANÁLISE FOLIAR
650 _aBIOMASSA
650 _aCRESCIMENTO
650 _aRESPOSTA DA PLANTA
650 _aCOLHEITA
773 0 _tRevista Brasileira de Plantas Medicinais (Brazil)
_xISSN 1516-0572
_g(Feb 2004), v. 6(2) p. 72-76
_wBR0501114
909 _a202311
_bLúcia
_c55
_dLúcia Elande
942 _2AGRIS
_n0
_cANA
999 _c181730
_d181730